Mister Magic (Record no. 3462)

MARC details
000 -LEADER
fixed length control field 00396nam a22001457a 4500
008 - FIXED-LENGTH DATA ELEMENTS--GENERAL INFORMATION
fixed length control field 250514b |||||||| |||| 00| 0 eng d
020 ## - INTERNATIONAL STANDARD BOOK NUMBER
ISBN 9781529199123
100 ## - MAIN ENTRY--AUTHOR
Author White, Kiersten
245 ## - TITLE STATEMENT
Title Mister Magic
260 ## - PUBLICATION, DISTRIBUTION, ETC. (IMPRINT)
Place of publication London
Name of publisher Del Rey
Date of publication 2023
300 ## - COLLATION
Pagination 293p.
650 ## - TRACINGS
Main Subject Television actors and actresses - fiction
Subdivision (1st) Child actorss - fiction
942 ## - ADDED ENTRY ELEMENTS (KOHA)
Item type Books
050 ## - LIBRARY OF CONGRESS CALL NUMBER
Classification number PS3623.H57854
Item number .M57
Holdings
Source of classification or shelving scheme Not for loan Permanent location Current location Date acquired Accession No. Full call number Barcode. Koha item type
Library of Congress Classification   Samuel Ogbemudia Main Library, University of Abuja Samuel Ogbemudia Main Library, University of Abuja 05/14/2025 2024/63581 PS3623.H57854.M57 2025-1930 Books